| 000 | 00476nam a2200193Ia 4500 | ||
|---|---|---|---|
| 005 | 20230516110421.0 | ||
| 008 | 131103s9999 xx 000 0 und d | ||
| 020 | _a140621474 | ||
| 040 | _aLoreto College | ||
| 041 | _aEnglish | ||
| 082 |
_a823.91 _bKIP |
||
| 100 | _aKipling,Rudyard | ||
| 245 |
_aPuck of Pook's Hill _cRudyard Kipling |
||
| 260 |
_aLondon _bPenguin Books _c1906 |
||
| 300 | _a217 cm. | ||
| 650 | _aFiction in English | ||
| 850 | _aLCLIB | ||
| 942 | _cBK | ||
| 999 |
_c17174 _d67653 |
||